000 00429nam a2200169Ia 4500
003 GCL
008 140319s9999 xx 000 0 eng d
040 _aGCL /
_cGCL
082 0 4 _a745.5
_bP D
100 1 _aPURVES, PAMELA
245 1 0 _aDECORATING EGGS IN THE STYLE OF FOBERGE /
_cPURVES, PAMELA
260 _a[S.N] :
_bSEARCH PRESS
300 _a96 PP
650 0 4 _aDECORATION
650 0 4 _aART, DECORATIVE
942 _2ddc
_cBK
999 _c18200
_d18200